José Cecilio del Valle: filósofo de la ilustración centroamericana

Na minha lista:
Detalhes bibliográficos
Autor principal: Ortíz Mejía, José del Rosario
Formato: Livro
Idioma:Undetermined
Publicado em: San José, Costa Rica Escuela de Filosofía, Universidad de Costa Rica 1986
Assuntos:
Tags: Adicionar Tag
Sem tags, seja o primeiro a adicionar uma tag!

MARC

LEADER 00000nam a2200000Ia 4500
008 170316s9999 xx 000 0 und d
040 |a cru BVZT 
090 |a TESIS 355 
100 |a Ortíz Mejía, José del Rosario 
245 |a José Cecilio del Valle: filósofo de la ilustración centroamericana 
260 |a San José, Costa Rica 
260 |b Escuela de Filosofía, Universidad de Costa Rica 
260 |c 1986 
300 |a 226 páginas 
650 |a LICENCIATURA EN FILOSOFÍA 
650 |a TRABAJO FINAL DE GRADUACIÓN 
999 |c 13984  |d 13984 
942 |c TFG  |h TESIS 355  |2 z